| 000 | 00458nam a2200157Ia 4500 | ||
|---|---|---|---|
| 999 |
_c34839 _d34839 |
||
| 003 | OSt | ||
| 005 | 20200606110909.0 | ||
| 008 | 190216s9999||||xx |||||||||||||| ||und|| | ||
| 040 | _coclc | ||
| 082 |
_a320 _bBEN/N |
||
| 100 |
_aBendix, Reinhard _92581 |
||
| 245 | 0 |
_aNation-Buildibg And Citizenship / _cReinhard Bendix |
|
| 260 |
_bWiley Eastern Ltd, _c1969. _aNew Delhi: |
||
| 300 | _a314p | ||
| 942 |
_cBK _2ddc _h320 _iBEN/N _k320 _mBEN/N |
||